<?xml version="1.0" encoding="UTF-8"?>
<record
    xmlns:xsi="http://www.w3.org/2001/XMLSchema-instance"
    xsi:schemaLocation="http://www.loc.gov/MARC21/slim http://www.loc.gov/standards/marcxml/schema/MARC21slim.xsd"
    xmlns="http://www.loc.gov/MARC21/slim">

  <leader>02314nam0a2200385   4500</leader>
  <controlfield tag="001">RU\NLR\BIBL_A\016300041</controlfield>
  <controlfield tag="005">20260406121345.0</controlfield>
  <datafield tag="035" ind1=" " ind2=" ">
    <subfield code="a">(NLR Aleph) 016300041</subfield>
  </datafield>
  <datafield tag="090" ind1=" " ind2=" ">
    <subfield code="a">12970961</subfield>
    <subfield code="c">12970961</subfield>
  </datafield>
  <datafield tag="100" ind1=" " ind2=" ">
    <subfield code="a">20200922d1903    |||y0rusy50      ca</subfield>
  </datafield>
  <datafield tag="101" ind1="0" ind2=" ">
    <subfield code="a">rus</subfield>
  </datafield>
  <datafield tag="102" ind1=" " ind2=" ">
    <subfield code="a">RU</subfield>
  </datafield>
  <datafield tag="105" ind1=" " ind2=" ">
    <subfield code="a">y   z   000zy</subfield>
  </datafield>
  <datafield tag="181" ind1=" " ind2="0">
    <subfield code="a">i</subfield>
    <subfield code="b">axxe</subfield>
  </datafield>
  <datafield tag="182" ind1=" " ind2="0">
    <subfield code="a">n</subfield>
  </datafield>
  <datafield tag="200" ind1="1" ind2=" ">
    <subfield code="a">&#x41E; &#x43F;&#x440;&#x43E;&#x434;&#x43E;&#x43B;&#x436;&#x435;&#x43D;&#x438;&#x438; &#x434;&#x435;&#x439;&#x441;&#x442;&#x432;&#x438;&#x44F; &#x412;&#x440;&#x435;&#x43C;&#x435;&#x43D;&#x43D;&#x44B;&#x445; &#x43F;&#x440;&#x430;&#x432;&#x438;&#x43B; &#x43E;&#x431; &#x443;&#x43F;&#x440;&#x430;&#x432;&#x43B;&#x435;&#x43D;&#x438;&#x438; &#x433;&#x43E;&#x440;&#x43E;&#x434;&#x43E;&#x43C; &#x438; &#x43F;&#x43E;&#x440;&#x442;&#x43E;&#x43C; "&#x410;&#x43B;&#x435;&#x43A;&#x441;&#x430;&#x43D;&#x434;&#x440;&#x43E;&#x432;&#x441;&#x43A;" &#x410;&#x440;&#x445;&#x430;&#x43D;&#x433;&#x435;&#x43B;&#x44C;&#x441;&#x43A;&#x43E;&#x439; &#x433;&#x443;&#x431;&#x435;&#x440;&#x43D;&#x438;&#x438;</subfield>
    <subfield code="e">&#x432; &#x413;&#x43E;&#x441;&#x443;&#x434;&#x430;&#x440;&#x441;&#x442;&#x432;&#x435;&#x43D;&#x43D;&#x44B;&#x439; &#x421;&#x43E;&#x432;&#x435;&#x442;</subfield>
    <subfield code="f">&#x41C;&#x438;&#x43D;&#x438;&#x441;&#x442;&#x435;&#x440;&#x441;&#x442;&#x432;&#x43E; &#x432;&#x43D;&#x443;&#x442;&#x440;&#x435;&#x43D;&#x43D;&#x438;&#x445; &#x434;&#x435;&#x43B;. &#x414;&#x435;&#x43F;&#x430;&#x440;&#x442;&#x430;&#x43C;&#x435;&#x43D;&#x442; &#x43E;&#x431;&#x449;&#x438;&#x445; &#x434;&#x435;&#x43B;. &#x41E;&#x442;&#x434;&#x435;&#x43B;&#x435;&#x43D;&#x438;&#x435; V. &#x421;&#x442;&#x43E;&#x43B; I. 12 &#x434;&#x435;&#x43A;&#x430;&#x431;&#x440;&#x44F; 1903 &#x433;. &#x2116; 27127</subfield>
  </datafield>
  <datafield tag="203" ind1=" " ind2=" ">
    <subfield code="a">&#x422;&#x435;&#x43A;&#x441;&#x442;</subfield>
    <subfield code="b">&#x432;&#x438;&#x437;&#x443;&#x430;&#x43B;&#x44C;&#x43D;&#x44B;&#x439;</subfield>
    <subfield code="c">&#x43D;&#x435;&#x43F;&#x43E;&#x441;&#x440;&#x435;&#x434;&#x441;&#x442;&#x432;&#x435;&#x43D;&#x43D;&#x44B;&#x439;</subfield>
  </datafield>
  <datafield tag="210" ind1=" " ind2=" ">
    <subfield code="a">[&#x421;&#x430;&#x43D;&#x43A;&#x442;-&#x41F;&#x435;&#x442;&#x435;&#x440;&#x431;&#x443;&#x440;&#x433;</subfield>
    <subfield code="c">&#x431;. &#x438;.]</subfield>
    <subfield code="d">1903</subfield>
  </datafield>
  <datafield tag="215" ind1=" " ind2=" ">
    <subfield code="a">17 &#x441;.</subfield>
    <subfield code="d">34</subfield>
  </datafield>
  <datafield tag="300" ind1=" " ind2=" ">
    <subfield code="a">&#x412; &#x43A;&#x43E;&#x43D;&#x446;&#x435; &#x442;&#x435;&#x43A;&#x441;&#x442;&#x430;: &#x41F;&#x43E;&#x434;&#x43F;&#x438;&#x441;&#x430;&#x43B;: &#x41C;&#x438;&#x43D;&#x438;&#x441;&#x442;&#x440; &#x432;&#x43D;&#x443;&#x442;&#x440;&#x435;&#x43D;&#x43D;&#x438;&#x445; &#x434;&#x435;&#x43B;, &#x421;&#x442;&#x430;&#x442;&#x441;-&#x421;&#x435;&#x43A;&#x440;&#x435;&#x442;&#x430;&#x440;&#x44C; &#x41F;&#x43B;&#x435;&#x432;&#x435;; &#x421;&#x43A;&#x440;&#x435;&#x43F;&#x438;&#x43B;: &#x417;&#x430; &#x414;&#x438;&#x440;&#x435;&#x43A;&#x442;&#x43E;&#x440;&#x430; &#x414;&#x435;&#x43F;&#x430;&#x440;&#x442;&#x430;&#x43C;&#x435;&#x43D;&#x442;&#x430; &#x41E;&#x431;&#x449;&#x438;&#x445; &#x414;&#x435;&#x43B;, &#x412;&#x438;&#x446;&#x435;-&#x414;&#x438;&#x440;&#x435;&#x43A;&#x442;&#x43E;&#x440; &#x410;. &#x410;&#x440;&#x431;&#x443;&#x437;&#x43E;&#x432;</subfield>
  </datafield>
  <datafield tag="309" ind1=" " ind2=" ">
    <subfield code="a">&#x411;&#x435;&#x437; &#x442;&#x438;&#x442;. &#x43B;. &#x438; &#x43E;&#x431;&#x43B;.</subfield>
  </datafield>
  <datafield tag="316" ind1=" " ind2=" ">
    <subfield code="a">&#x42D;&#x43A;&#x437;. &#x420;&#x41D;&#x411; &#x432;&#x445;&#x43E;&#x434;&#x438;&#x442; &#x432; &#x43A;&#x43E;&#x43D;&#x432;&#x43E;&#x43B;&#x44E;&#x442;: &#x41C;&#x430;&#x442;&#x435;&#x440;&#x438;&#x430;&#x43B;&#x44B;. &#x422;. 29 (1904) / &#x420;&#x43E;&#x441;&#x441;&#x438;&#x44F;. &#x413;&#x43E;&#x441;&#x443;&#x434;&#x430;&#x440;&#x441;&#x442;&#x432;&#x435;&#x43D;&#x43D;&#x44B;&#x439; &#x441;&#x43E;&#x432;&#x435;&#x442;. &#x414;&#x435;&#x43F;&#x430;&#x440;&#x442;&#x430;&#x43C;&#x435;&#x43D;&#x442; &#x43F;&#x440;&#x43E;&#x43C;&#x44B;&#x448;&#x43B;&#x435;&#x43D;&#x43D;&#x43E;&#x441;&#x442;&#x438;, &#x43D;&#x430;&#x443;&#x43A; &#x438; &#x442;&#x43E;&#x440;&#x433;&#x43E;&#x432;&#x43B;&#x438;</subfield>
    <subfield code="5">NLR</subfield>
  </datafield>
  <datafield tag="517" ind1="1" ind2=" ">
    <subfield code="a">&#x41C;&#x430;&#x442;&#x435;&#x440;&#x438;&#x430;&#x43B;&#x44B;. &#x422;. 29 (1904)</subfield>
  </datafield>
  <datafield tag="601" ind1="0" ind2="2">
    <subfield code="a">"&#x410;&#x43B;&#x435;&#x43A;&#x441;&#x430;&#x43D;&#x434;&#x440;&#x43E;&#x432;&#x441;&#x43A;", &#x43F;&#x43E;&#x440;&#x442;</subfield>
    <subfield code="c">&#x410;&#x440;&#x445;&#x430;&#x43D;&#x433;&#x435;&#x43B;&#x44C;&#x441;&#x43A;&#x430;&#x44F; &#x433;&#x443;&#x431;&#x435;&#x440;&#x43D;&#x438;&#x44F;</subfield>
    <subfield code="j">&#x414;&#x43E;&#x43A;&#x443;&#x43C;&#x435;&#x43D;&#x442;&#x44B; &#x438; &#x43C;&#x430;&#x442;&#x435;&#x440;&#x438;&#x430;&#x43B;&#x44B;</subfield>
    <subfield code="9">2577812</subfield>
    <subfield code="3">RU\NLR\AUTH\6601734923</subfield>
  </datafield>
  <datafield tag="606" ind1="1" ind2=" ">
    <subfield code="a">&#x413;&#x43E;&#x440;&#x43E;&#x434;&#x430;</subfield>
    <subfield code="j">&#x414;&#x43E;&#x43A;&#x443;&#x43C;&#x435;&#x43D;&#x442;&#x44B; &#x438; &#x43C;&#x430;&#x442;&#x435;&#x440;&#x438;&#x430;&#x43B;&#x44B;</subfield>
    <subfield code="x">&#x423;&#x43F;&#x440;&#x430;&#x432;&#x43B;&#x435;&#x43D;&#x438;&#x435;</subfield>
    <subfield code="y">&#x410;&#x440;&#x445;&#x430;&#x43D;&#x433;&#x435;&#x43B;&#x44C;&#x441;&#x43A;&#x430;&#x44F; &#x433;&#x443;&#x431;&#x435;&#x440;&#x43D;&#x438;&#x44F;</subfield>
    <subfield code="9">2577821</subfield>
    <subfield code="3">RU\NLR\AUTH\6601734928</subfield>
  </datafield>
  <datafield tag="686" ind1="3" ind2=" ">
    <subfield code="a">&#x423;37(28)461.03-21,011</subfield>
  </datafield>
  <datafield tag="686" ind1="3" ind2=" ">
    <subfield code="a">&#x423;21(28)9,011</subfield>
  </datafield>
  <datafield tag="702" ind1=" " ind2="1">
    <subfield code="4">720</subfield>
    <subfield code="8">rus</subfield>
    <subfield code="7">ca</subfield>
    <subfield code="a">&#x41F;&#x43B;&#x435;&#x432;&#x435;</subfield>
    <subfield code="b">&#x412;.&#x41A;.</subfield>
    <subfield code="f">1846-1904</subfield>
    <subfield code="g">&#x412;&#x44F;&#x447;&#x435;&#x441;&#x43B;&#x430;&#x432; &#x41A;&#x43E;&#x43D;&#x441;&#x442;&#x430;&#x43D;&#x442;&#x438;&#x43D;&#x43E;&#x432;&#x438;&#x447;</subfield>
    <subfield code="3">RU\NLR\AUTH\77525</subfield>
    <subfield code="9">110574</subfield>
  </datafield>
  <datafield tag="702" ind1=" " ind2="1">
    <subfield code="a">&#x410;&#x440;&#x431;&#x443;&#x437;&#x43E;&#x432;</subfield>
    <subfield code="b">&#x410;.</subfield>
    <subfield code="4">720</subfield>
  </datafield>
  <datafield tag="852" ind1=" " ind2=" ">
    <subfield code="a">NLR</subfield>
    <subfield code="j">135/295-29(5)</subfield>
  </datafield>
  <datafield tag="942" ind1=" " ind2=" ">
    <subfield code="c">BOOK</subfield>
  </datafield>
  <datafield tag="980" ind1=" " ind2=" ">
    <subfield code="a">NB</subfield>
  </datafield>
  <datafield tag="995" ind1=" " ind2=" ">
    <subfield code="5">2024-02-13</subfield>
    <subfield code="b">NLR02</subfield>
    <subfield code="c">NLR02</subfield>
    <subfield code="e">RFS</subfield>
    <subfield code="f">16300041-10</subfield>
    <subfield code="k">135/295-29(5)</subfield>
    <subfield code="o">0</subfield>
    <subfield code="r">BOOK</subfield>
    <subfield code="s">135295295_</subfield>
  </datafield>
</record>
